<Die> wirtschaftsgeographischen Grundlagen von Bad Dürkheim und Bad Bergzabern unter besonderer Berücksichtigung des Kur- und Fremdenverkehrs Inauguraldissertation zur Erlangung des Doktorgrades des Fachbereichs Wirtschaftswissenschaften der Johann Wolfgang von Goethe-Universität Frankfurt am Main

Salvato in:
Dettagli Bibliografici
Autore principale: Bühler, Manfred
Natura: Libro
Lingua:tedesco
Pubblicazione: Frankfurt am Main J.W. Goethe-Universität 1990
Soggetti:
Tags: Aggiungi Tag
Nessun Tag, puoi essere il primo ad aggiungerne!!

MARC

LEADER 00000nam a2200000 4500
001 c004262
005 20250515084708.2
041 0 |a ger 
044 |a DE 
245 1 0 |a <Die> wirtschaftsgeographischen Grundlagen von Bad Dürkheim und Bad Bergzabern unter besonderer Berücksichtigung des Kur- und Fremdenverkehrs  |b Inauguraldissertation zur Erlangung des Doktorgrades des Fachbereichs Wirtschaftswissenschaften der Johann Wolfgang von Goethe-Universität Frankfurt am Main  |c Manfred Bühler 
264 1 |a Frankfurt am Main  |b J.W. Goethe-Universität  |c 1990 
300 |a 180 s. 
610 2 0 |a hospodárstvo miestne 
610 2 0 |a geografia hospodárska 
610 2 0 |a Nemecko 
610 2 0 |a ruch cestovný 
610 2 0 |a kúpele 
610 2 0 |a liečenie kúpeľné 
100 1 |a Bühler, Manfred